Представление документа в формате RUSMARC

Поле Инд. ПП Название Значение
Тип записи a
Библиографический уровень a
001 _ Контрольный номер RU/REP/BASE/00005801
005 _ Дата корректировки 20181104132001.5
200 a Заглавие Некоторые особенности правового регулирования института завещательных распоряжений в гражданском праве Российской Федерации
f Первые сведения об ответственности Моданов В.В.
b Общее обозначение материала Текст
210 d Дата издания 2015
461 _0 1 001RU/REP/BASE/00010629
1 2001
a Закон и право
463 1 20002
a №5.
v С. 71-74
1 210
d 2015
610 a Ключевые слова ГРАЖДАНСКОЕ ПРАВО РФ, НАСЛЕДСТВЕННОЕ ПРАВО, КОНСУЛЬСКОЕ ПРАВО, ДИПЛОМАТИЯ, ИСТОРИЯ ПРАВА РОССИИ
700 _1 a Фамилия Моданов
b Имя В.В.
901 t Тип документа b
w Контрольный № источника 7de6eea509424c6ba70eb1eb97b897de